In amma's healing room : gender and vernacular Islam in South India /

Библиографические подробности
Главный автор: Flueckiger, Joyce Burkhalter
Формат:
Язык:English
Опубликовано: Bloomington : Indiana University Press, c2006.
Предметы:
Classic Catalogue: View this record in Classic Catalogue
LEADER 02587nam a22004334a 4500
001 45222
003 BD-DhAAL
005 20251223115123.0
008 251223t2006 inua b s001 0deng
010 |a  2005019837 
015 |a GBA618651  |2 bnb 
016 7 |a 013391212  |2 Uk 
020 |a 0253347211 
020 |a 0253218373 
020 |a 9780253218377 
035 |a 14035534 
035 |a (OCoLC)61162048 
040 |a DLC  |c DLC  |d BAKER  |d UKM  |d C#P  |d IXA  |d COO  |d DLC  |d BD-DhAAL 
042 |a pcc 
043 |a a-ii--- 
050 0 0 |a HQ1744.M93  |b F58 2006 
082 0 0 |a 305.4869739  |2 22 
100 1 |a Flueckiger, Joyce Burkhalter.  |9 59982 
245 1 0 |a In amma's healing room :  |b gender and vernacular Islam in South India /  |c Joyce Burkhalter Flueckiger. 
260 |a Bloomington :  |b Indiana University Press,  |c c2006. 
300 |a xix, 294 pages :  |b illustrations ;  |c 24 cm 
504 |a Includes bibliographical references (p. 275-283) and index. 
526 8 |a ESS  |x Nazia Binte Mahmud Lecturer Department of Economics and Social Sciences Course Name and No.: Gender and Islam (ANT410) 
541 1 |a Book Finder International  |e 45222 
650 0 |a Muslim women  |z India  |z Hyderabad (District)  |9 59983 
650 0 |a Healers  |z India  |z Hyderabad (District)  |v Biography.  |9 59984 
651 0 |a Hyderabad (India : District)  |x Social life and customs.  |9 59985 
655 7 |a Biographies. 
852 1 |a Ayesha Abed Library   |c General Stacks 
942 |2 ddc  |c BK 
999 |c 47661  |d 47661 
952 |0 0  |1 0  |2 ddc  |4 0  |6 305_486973900000000_FLU  |7 0  |9 78606  |a BRACUL  |b BRACUL  |c GEN  |d 2025-12-09  |e Book Finder International   |g 2790.00  |l 0  |o 305.4869739 FLU  |p 3010045223  |r 2025-12-09  |t 2  |v 5580.00  |w 2025-12-09  |y BK  |x Requisitioned by Nazia Binte Mahmud (Lecturer, Department of Economics and Social Sciences, BRAC University) for the course named - Gender and Islam (ANT410) 
952 |0 0  |1 0  |2 ddc  |4 0  |6 305_486973900000000_FLU  |7 0  |9 78607  |a BRACUL  |b BRACUL  |c GEN  |d 2025-12-09  |e Book Finder International   |g 2790.00  |l 0  |o 305.4869739 FLU  |p 3010045224  |r 2025-12-09  |t 3  |v 5580.00  |w 2025-12-09  |y BK  |x Requisitioned by Nazia Binte Mahmud (Lecturer, Department of Economics and Social Sciences, BRAC University) for the course named - Gender and Islam (ANT410) 
952 |0 0  |1 0  |2 ddc  |4 0  |6 305_486973900000000_FLU  |7 0  |9 78608  |a BRACUL  |b BRACUL  |c NEW  |d 2025-12-09  |e Book Finder International   |g 2790.00  |l 2  |m 4  |o 305.4869739 FLU  |p 3010045222  |q 2026-05-21  |r 2026-02-24  |s 2026-02-24  |t 1  |v 5580.00  |w 2025-12-09  |y BK  |x Requisitioned by Nazia Binte Mahmud (Lecturer, Department of Economics and Social Sciences, BRAC University) for the course named - Gender and Islam (ANT410)